• 首页
  • 本馆介绍
  • 公告通知
  • 最新文献
  • 馆藏检索
  • 电子资源
  • 读者导购
  • 参考咨询
  • 我的图书馆
  • 登录
  • 详细信息显示
  • 放入我的书架
  • 预约/预借图书
  • 作者相关作品
  • 分类相关作品
  • 丛书相关作品
  • 出版社相关作品

书目信息

  • 表格格式
  • 工作单格式
  • 卡片格式
题名:
世界机械电子公司大全
    
 
作者: ;国家经济委员会机电工业局 , 电子工业部科技情报研究所 编
分册: 上册  
出版信息: 北京   电子工业出版社  1986
页数: 1130页
开本: 26cm
丛书名:
单 册:
中图分类: F416.4-61
科图分类:
主题词: 公司-机械工业--世界--名录 , 电子工业-公司--世界--名录 , 机械工业-公司--世界--名录 , 公司-电子工业--世界--名录
电子资源:
ISBN:
000 00973nam0 2200277 45
001 0186017958
005 20061028155939.65
010    @b精装@dCNY19.60
091    @aCN@b17290.422
100    @a19900724d1986 em y0chiy0121 ea
101 0  @achi
102    @aCN@b110000
105    @ak g 000yy
200 10 @a世界机械电子公司大全@Ashi jie ji xie dian zi gong si da quan@e电子电气部分@h上册@f国家经济委员会机电工业局, 电子工业部科技情报研究所编
210    @a北京@c电子工业出版社@d1986
215    @a1130页@d26cm
606    @a公司-机械工业@y世界@x名录
606    @a电子工业-公司@y世界@x名录
606    @a机械工业-公司@y世界@x名录
606    @a公司-电子工业@y世界@x名录
690    @aF416.4-61@v3
711 02 @a国家经济委员会机电工业局@Aguo jia jing ji wei yuan hui ji dian gong ye ju@4编
711 02 @a电子工业部科技情报研究所@Adian zi gong ye bu ke ji qing bao yan jiu suo@4编
801  2 @aCN@bNLC@c20061028
801  0 @aCN@bTSSF
905    @a10447@dF416.4-61@e4:1
    
    世界机械电子公司大全:电子电气部分.上册/国家经济委员会机电工业局, 电子工业部科技情报研究所编.-北京:电子工业出版社,1986
    1130页;26cm
    
    
    ISBN (精装):CNY19.60
    
●
相关链接 在E读中查询图书 在五车中查询图书 在当当中查询图书 在豆瓣中查询图书


正题名:世界机械电子公司大全     索取号:F416.4-61/4:1         预约/预借

序号 登录号 条形码 馆藏地/架位号 状态 备注
1 0204626   002056795   第一样本阅览室/ [索取号:F416.4-61/4:1] 在馆    
欢迎您!
大连网信软件有限公司© 版权所有